| 000 | 00679nam a2200169Ia 4500 | ||
|---|---|---|---|
| 003 | LK-CoDNM | ||
| 008 | 010623t2006 xxu||||| |||| 00| 1 sin d | ||
| 040 |
_aLK-CoDNM _dLK-CoDNM _eLK-CoDNM |
||
| 041 | _asin | ||
| 080 |
_a809.13 _bBUD |
||
| 245 | _aබෞද්ධ හා පාළි අධ්යන - ශ්රී ලංකා බෞද්ධ හා පාළි විශ්වවිද්යාලයීය ශාස්ත්රීය සංග්රහය | ||
| 246 | _aBuddhist Pali studies : Academic Journal of the Buddhist Pali University of Sri Lanka | ||
| 260 |
_b _c2006 |
||
| 300 | _b(viii)287, 24 cm | ||
| 650 | _aPali Language | ||
| 942 | _cBK | ||
| 999 |
_c125946 _d125946 |
||